Normal view
MARC view
- British Association for the Advancement of Science
Entry Corporate Name
001 - CONTROL NUMBER
- control field: 40434
003 - CONTROL NUMBER IDENTIFIER
- control field: NUST
005 - DATE AND TIME OF LATEST TRANSACTION
- control field: 20210314131750.0
008 - FIXED-LENGTH DATA ELEMENTS
- fixed length control field: 210314|| aca||aabn | a|a d
040 ## - CATALOGING SOURCE
- Original cataloging agency: NUST
- Transcribing agency: NUST
110 ## - HEADING--CORPORATE NAME
- Corporate name or jurisdiction name as entry element: British Association for the Advancement of Science
670 ## - SOURCE DATA FOUND
- Source citation: Work cat.: (NUST): London Oxford university press 40433, The complete scientist;, 1961.
